| 000 | 00584nam a2200181Ia 4500 | ||
|---|---|---|---|
| 005 | 20250326141032.0 | ||
| 008 | 250326s9999 xx 000 0 und d | ||
| 037 | _aTextbook | ||
| 040 |
_aFMSL _beng _cFMSL |
||
| 041 |
_aeng _2eng |
||
| 084 |
_aX:51 P1.8(R) _qFMSL |
||
| 100 |
_aStone M _9737907 |
||
| 245 | 0 |
_aArt of marketing: Customer relationship marketing. Vol.8 : Get to know your customers and win their loyalty _cStone M And Others |
|
| 260 |
_aNew Delhi _bNew Delhi, Crest _c2001 |
||
| 300 | _a228p | ||
| 942 |
_cTB _hX:51 P1.8(R) |
||
| 999 |
_c1288405 _d1288405 |
||